| 000 | 01320nam a22003974i 4500 | ||
|---|---|---|---|
| 999 |
_c7657 _d7657 |
||
| 001 | 991002845179706706 | ||
| 003 | OSt | ||
| 005 | 20230322122737.0 | ||
| 008 | 200708e202102 spc||||| |||||0|| 0 spa|c | ||
| 015 |
_aLL2021 _2bnc |
||
| 017 |
_aDL B 1616-2021 _bBiblioteca de Catalunya |
||
| 020 | _a9788491807926 | ||
| 035 | _a(ES-BaCBU).b75114872 | ||
| 035 | _a(OCoLC)1251787883 | ||
| 040 |
_aES-BaUAB _bcat _erda _cCDMR |
||
| 080 |
_a070.16 _22004 |
||
| 080 |
_a32.019.5 _22004 |
||
| 080 |
_a659.3 _22004 |
||
| 080 |
_a659.3:621.39.037.37 _22004 |
||
| 100 | 1 | _aRodríguez Fernández, Leticia, | |
| 245 | 1 | 0 |
_aPropaganda digital : _bcomunicación en tiempos de desinformación / _cLeticia Rodríguez Fernández |
| 264 | 1 |
_aBarcelona : _bUOC, _c 2021 |
|
| 300 |
_a189 pàgines ; _c21 cm |
||
| 490 | 1 |
_aManuales ; _v688. _aComunicación |
|
| 650 | 7 |
_aDesinformació _2lemac |
|
| 650 | 7 |
_aPropaganda _2lemac |
|
| 650 | 7 |
_aMitjans de comunicació digitals _2lemac |
|
| 650 | 7 |
_aFake news _2lemac |
|
| 650 | 0 |
_aAlfabetització mediàtica _94787 |
|
| 830 | 0 |
_aManuales (Editorial UOC) ; _v688 |
|
| 830 | 0 |
_aManuales (Editorial UOC). _pComunicación |
|
| 907 |
_a.b75114872 _b21-06-21 _c10-03-21 _d08-07-20 _em _fa _g- _hspa _ispc _j0 _k0 |
||
| 908 |
_aUAB _aUB _aUOC _aBC _aUPF _aURV _aGCDSO |
||
| 940 | _aUAB | ||
| 942 |
_2udc _cMON |
||